| 000 | 00359nam a22001457a 4500 | ||
|---|---|---|---|
| 008 | 250423b ||||| |||| 00| 0 eng d | ||
| 020 | _a9781401301309 | ||
| 041 | _aeng | ||
| 080 |
_22007 _a101GOL |
||
| 082 |
_2101GOL _a101GOL |
||
| 100 | _a42 | ||
| 101 | _aFILOZOFI | ||
| 245 |
_aWHAT GOT YOU HERE WONT GET YOU THERE _cMARSHALL GOLDSMITH |
||
| 942 |
_2udc _cBK |
||
| 999 |
_c60699 _d60699 |
||